000 00528nam a2200181Ia 4500
003 OSt
005 20251230144424.0
008 210210b1951 xxu||||| |||| 00| 0 eng d
040 _cAL
041 _akan
082 _a859/2077
100 _aSHESHAGIRIRAV (D V)
_9156883
_d ಶೇಷಗಿರಿರಾವ್ (ಡಿ ವಿ)
245 _aGreek nataka kathegalu:
_bಗ್ರೀಕ್ ನಾಟಕ ಕತೆಗಳು
260 _aTumakuru
_b-
_c1951
690 _aKannada Fiction
_9156884
906 _a022794
942 _2ddc
_cBK
999 _c147429
_d147429